The seven years of William IV. A Reign cartooned by John Doyle
Guardat en:
| Autor principal: | |
|---|---|
| Format: | Llibre |
| Idioma: | anglès |
| Publicat: |
Londres
Avalon Press
1952
|
| Edició: | 1a. ed |
| Matèries: | |
| Etiquetes: |
Afegir etiqueta
Sense etiquetes, Sigues el primer a etiquetar aquest registre!
|
MARC
| LEADER | 00000nam a2200000 a 4500 | ||
|---|---|---|---|
| 001 | UCJ6746 | ||
| 003 | CL-VaPUC | ||
| 008 | 070124e19520000UK |||||||||||||||||eng|d | ||
| 082 | 0 | 4 | |a 942 |b TRE |2 21 |
| 100 | 0 | |a Trevelyan, George Macaulay |e author |9 514010 | |
| 245 | 1 | 4 | |a The seven years of William IV. A Reign cartooned by John Doyle |
| 250 | |a 1a. ed | ||
| 300 | |a 200 p | ||
| 942 | |c BK | ||
| 945 | |d 20070124 00:00:00 |a rinostro | ||
| 260 | |a Londres |b Avalon Press |c 1952 | ||
| 500 | |a Ilustraciones sin indizar | ||
| 600 | 0 | 7 | |a GUILLERMO IV DE INGLATERRA |2 CL-VaPUC |9 514011 |
| 600 | 0 | 7 | |a DOYLE, JOHN |2 CL-VaPUC |9 514012 |
| 650 | 0 | |a Caricaturas |9 359381 | |
| 650 | 7 | |a SATIRA POLITICA |2 CL-VaPUC |9 330270 | |
| 650 | 7 | |a CRITICA SOCIAL |2 CL-VaPUC |9 331282 | |
| 650 | 7 | |a SATIRA DE COSTUMBRES |2 CL-VaPUC |9 514013 | |
| 651 | 0 | |a Inglaterra |9 255158 | |
| 583 | |a last modification |c 20120126 02:08:39 |k Rodrigo Vera | ||
| 999 | |c 322848 |d 322846 | ||
| 952 | |0 0 |1 0 |4 0 |6 942_000000000000000_TRE_1952 |7 0 |8 X |9 401971 |a FDOBUD |b FDOBUD |d 2019-11-22 |i 1052349 |o 942 TRE 1952 |p 1052349 |r 2019-11-22 |w 2019-11-22 |y BK_X |k BUD | ||